Chronické problémy

Odkladanie riešenia naliehavých úloh môže spôsobiť ťažko napraviteľnú krízu celého okruhu verejných financií. Konsolidované príjmy a výdavky verejnej správy SR. Štátny dlh SR. Konsolidovaný verejný dlh SR. Hospodárenie štátnych fondov v roku 2000.

Gespeichert in:
Bibliographische Detailangaben
1. Verfasser: Sotník, Alexander
Format: Buchkapitel
Sprache:Slowakisch
Schlagworte:
Tags: Tag hinzufügen
Keine Tags, Fügen Sie das erste Tag hinzu!

MARC

LEADER 00000naa a2200000 4500
001 r042355
005 20230920073325.4
041 0 |a slo 
044 |a SK 
245 1 0 |a Chronické problémy  |c Alexander Sotník 
520 |a Odkladanie riešenia naliehavých úloh môže spôsobiť ťažko napraviteľnú krízu celého okruhu verejných financií. Konsolidované príjmy a výdavky verejnej správy SR. Štátny dlh SR. Konsolidovaný verejný dlh SR. Hospodárenie štátnych fondov v roku 2000. 
610 2 0 |a financie verejné 
610 2 0 |a dlhy štátne 
610 2 0 |a príjmy rozpočtu štátneho 
610 2 0 |a výdavky rozpočtu štátneho 
610 2 0 |a správa verejná 
610 2 0 |a deficit rozpočtový 
610 2 0 |a Slovensko 
100 1 |a Sotník, Alexander